[Event "FRA-ch U18"]
[Site "Troyes"]
[Date "2010.04.13"]
[Round "4"]
[White "Bertrand, Quentin"]
[Black "Dubessay, Bastien"]
[Result "0-1"]
[WhiteElo "2063"]
[BlackElo "2212"]
[PlyCount "74"]
[EventDate "2010.04.11"]
[EventType "swiss"]
[EventRounds "9"]
[EventCountry "FRA"]
[SourceTitle "EXT 2012"]
[Source "ChessBase"]
[SourceDate "2011.11.24"]
[SourceVersion "1"]
[SourceVersionDate "2011.11.24"]
[SourceQuality "1"]

1. e4 c5 2. Nf3 d6 3. d4 cxd4 4. Nxd4 Nf6 5. Nc3 a6 6. Bc4 e6 7. Bb3 Nc6 8. Be3 Qc7 9. Qe2 Na5 10. 0-0-0 b5 11. Bg5 Be7 12. Bxf6 Bxf6 13. Nf5 Nxb3+ 14. axb3 exf5 15. Nd5 Qd8 16. exf5+ Kf8 17. g4 Bb7 18. f4 h6 19. Rhg1 Rc8 20. Qd3 Kg8 21. Kb1 Rc5 22. Ne3 d5 23. c3 Rc8 24. Nxd5 Bxd5 25. Qxd5 Qxd5 26. Rxd5 Rd8 27. Rxd8+ Bxd8 28. Rd1 Bc7 29. Rd7 Bxf4 30. h3 h5 31. Rd8+ Kh7 32. Rd4 Bg5 33. b4 Rd8 34. Re4 h4 35. Re1 Rd2 36. Rh1 Bf4 37. Ka2 Kh6 0-1

[Event "FRA-chT2 0910"]
[Site "France"]
[Date "2009.10.17"]
[Round "2.2"]
[White "Shchekachev, Andrei"]
[Black "Bertrand, Quentin"]
[Result "1-0"]
[WhiteElo "2539"]
[BlackElo "2044"]
[PlyCount "74"]
[EventDate "2009.09.27"]
[EventType "team-tourn"]
[EventRounds "11"]
[EventCountry "FRA"]
[SourceTitle "EXT 2011"]
[Source "ChessBase"]
[SourceDate "2010.11.26"]
[SourceVersion "1"]
[SourceVersionDate "2010.11.26"]
[SourceQuality "1"]

1. Nf3 f5 2. d3 Nc6 3. d4 e6 4. g3 Nf6 5. Bg2 Be7 6. c4 d5 7. 0-0 0-0 8. b3 Ne4 9. Ba3 g5 10. Bb2 Bf6 11. e3 Ne7 12. Ne5 Ng6 13. f3 Nd6 14. Qc2 c6 15. Nd2 Nf7 16. Nd3 Kg7 17. Bc3 h5 18. Qb2 Rh8 19. Rae1 h4 20. Rf2 hxg3 21. hxg3 Qc7 22. Nf1 f4 23. g4 Bd7 24. e4 Nh4 25. Rc2 Qd8 26. Bh1 Rh6 27. Rh2 Qc7 28. Qa3 Rah8 29. Qxa7 Bc8 30. Nc5 e5 31. exd5 exd4 32. Ba5 Qd6 33. Ne4 Qe5 34. Nxf6 Qxf6 35. Bb6 Kg6 36. Bxd4 Qd6 37. Bxh8 Nxh8 1-0

[Event "FRA-chT2 East 0809"]
[Site "France"]
[Date "2009.04.05"]
[Round "11.8"]
[White "Criqui, Laurence"]
[Black "Bertrand, Quentin"]
[Result "0-1"]
[WhiteElo "1686"]
[BlackElo "1918"]
[PlyCount "112"]
[EventDate "2008.10.19"]
[EventType "team-tourn"]
[EventRounds "11"]
[EventCountry "FRA"]
[SourceTitle "EXT 2010"]
[Source "ChessBase"]
[SourceDate "2010.11.25"]
[SourceVersion "1"]
[SourceVersionDate "2010.11.25"]
[SourceQuality "1"]
[WhiteTeam "Gambsheim"]
[BlackTeam "Vandoeuvre II"]
[WhiteTeamCountry "FRA"]
[BlackTeamCountry "FRA"]

1. e4 c5 2. c3 d5 3. exd5 Qxd5 4. d4 Nc6 5. Nf3 Nf6 6. Be2 cxd4 7. cxd4 e6 8. Nc3 Qd6 9. 0-0 Be7 10. Nb5 Qd8 11. Bf4 Nd5 12. Bg3 a6 13. Nc3 0-0 14. Rc1 Qa5 15. Nxd5 Qxd5 16. Bc4 Qa5 17. Qe2 Bf6 18. Qe4 g6 19. Rfd1 Qb6 20. Bh4 Bg7 21. Bb3 Bd7 22. Bg3 Rac8 23. Bd6 Rfe8 24. Qh4 Qd8 25. Qf4 Qf6 26. Qxf6 Bxf6 27. Be5 Bg7 28. Bxg7 Kxg7 29. Kf1 Na5 30. Rxc8 Rxc8 31. Ke1 Nxb3 32. axb3 Rc2 33. Rd2 Rc1+ 34. Rd1 Rxd1+ 35. Kxd1 Bc6 36. Ke2 Kf6 37. g3 Ke7 38. Ne5 Bd5 39. b4 f6 40. Nd3 b6 41. Ke3 Kd6 42. f4 Bc4 43. Nf2 f5 44. Nd1 Kc6 45. Nc3 a5 46. bxa5 bxa5 47. Kd2 Bb3 48. Kd3 a4 49. Kd2 Kb6 50. Kc1 Ka5 51. Kd2 Kb4 52. Kd3 Bd5 53. Ke3 Kb3 54. Kd2 Bc6 55. Kc1 a3 56. Nd1 a2 0-1

[Event "FRA-chT2 East 0809"]
[Site "France"]
[Date "2009.04.04"]
[Round "10.7"]
[White "Fischer, Julie"]
[Black "Bertrand, Quentin"]
[Result "0-1"]
[WhiteElo "1644"]
[BlackElo "1918"]
[PlyCount "102"]
[EventDate "2008.10.19"]
[EventType "team-tourn"]
[EventRounds "11"]
[EventCountry "FRA"]
[SourceTitle "EXT 2010"]
[Source "ChessBase"]
[SourceDate "2010.11.25"]
[SourceVersion "1"]
[SourceVersionDate "2010.11.25"]
[SourceQuality "1"]
[WhiteTeam "Bischwiller II"]
[BlackTeam "Vandoeuvre II"]
[WhiteTeamCountry "FRA"]
[BlackTeamCountry "FRA"]

1. e4 c5 2. Nf3 Nc6 3. d4 cxd4 4. Nxd4 g6 5. Nc3 Bg7 6. Be3 Nf6 7. Bc4 Qa5 8. f3 Qb4 9. Ndb5 0-0 10. Qd3 Ne5 11. Qd4 Nxc4 12. a3 Nxe3 13. Qxe3 Qa5 14. 0-0-0 Qb6 15. Qxb6 axb6 16. Nc7 Rb8 17. N3d5 Nxd5 18. Nxd5 Re8 19. Nc7 Rd8 20. Nd5 Kf8 21. Nxb6 d6 22. f4 Bg4 23. Rd2 Bh6 24. g3 g5 25. Rf1 gxf4 26. gxf4 e5 27. Nd5 Be6 28. Kd1 Bxd5 29. Rxd5 Bxf4 30. h3 Ke7 31. Rf3 Rg8 32. Rfd3 Rg1+ 33. Ke2 Rc8 34. c3 Rcg8 35. Rxd6 R8g2+ 36. Kf3 Rg3+ 37. Ke2 R1g2+ 38. Kf1 Rxd3 39. Rxd3 Rxb2 40. c4 b6 41. Rc3 Kd6 42. Rd3+ Kc5 43. Rd7 Kxc4 44. Rxf7 h6 45. Rd7 Ra2 46. Rd6 Rxa3 47. Rxb6 Kd3 48. Rb4 Ra2 49. Kg1 Ke3 50. Rc4 Kf3 51. Rb4 Ra1+ 0-1

[Event "FRA-chT2 East 0809"]
[Site "France"]
[Date "2009.01.18"]
[Round "6.6"]
[White "Gingene, Eric"]
[Black "Bertrand, Quentin"]
[Result "0-1"]
[WhiteElo "2096"]
[BlackElo "1918"]
[PlyCount "84"]
[EventDate "2008.10.19"]
[EventType "team-tourn"]
[EventRounds "11"]
[EventCountry "FRA"]
[SourceTitle "EXT 2010"]
[Source "ChessBase"]
[SourceDate "2010.11.25"]
[SourceVersion "1"]
[SourceVersionDate "2010.11.25"]
[SourceQuality "1"]
[WhiteTeam "Montrevel en Bresse"]
[BlackTeam "Vandoeuvre II"]
[WhiteTeamCountry "FRA"]
[BlackTeamCountry "FRA"]

1. d4 f5 2. Nf3 Nf6 3. c4 g6 4. Nc3 d6 5. g3 Bg7 6. Bg2 0-0 7. 0-0 Qe8 8. Bg5 Nbd7 9. Nb5 Qd8 10. Qb3 Kh8 11. Rad1 c6 12. Nc3 h6 13. Bc1 g5 14. Qc2 Qe8 15. h4 g4 16. Ne1 Nh5 17. e3 e5 18. dxe5 dxe5 19. Nd3 Qe7 20. Ne2 Rg8 21. b3 Bf6 22. Bb2 Ng7 23. e4 f4 24. gxf4 Bxh4 25. Nxe5 Nxe5 26. Bxe5 Kh7 27. Rd3 Nh5 28. Rfd1 g3 29. f3 Be6 30. Nd4 Rad8 31. Nxe6 Qxe6 32. Rd6 Qf7 33. f5 Be7 34. R6d3 Bc5+ 35. Bd4 Rxd4 36. Rxd4 Rd8 37. Kf1 Rxd4 38. Rxd4 Bxd4 39. Qd2 Be5 40. Kg1 Nf4 41. Bf1 Qe7 42. f6 Qd6 0-1

[Event "Saint Affrique op 16th"]
[Site "Saint Affrique"]
[Date "2008.07.21"]
[Round "4"]
[White "Pfeifer, Andreas"]
[Black "Bertrand, Quentin"]
[Result "0-1"]
[WhiteElo "2080"]
[BlackElo "1873"]
[PlyCount "146"]
[EventDate "2008.07.19"]
[EventType "swiss"]
[EventRounds "9"]
[EventCountry "FRA"]
[SourceTitle "CBM 125 Extra"]
[Source "ChessBase"]
[SourceDate "2008.09.01"]
[SourceVersion "1"]
[SourceVersionDate "2008.09.01"]
[SourceQuality "1"]

1. e4 Nf6 2. e5 Nd5 3. d4 d6 4. Nf3 g6 5. Bc4 c6 6. 0-0 Bg7 7. Re1 0-0 8. Nbd2 Bf5 9. Ne4 Nb6 10. Bd3 dxe5 11. dxe5 N8d7 12. Bf4 Qc7 13. Bg3 Nxe5 14. Nc5 Bg4 15. Be2 Bxf3 16. Bxf3 Rad8 17. Nd3 Nbd7 18. Qe2 Nxf3+ 19. Qxf3 e5 20. Qe3 Qa5 21. Nxe5 Nxe5 22. Bxe5 Bxe5 23. Qxe5 Qxe5 24. Rxe5 Rd2 25. Rc1 Rfd8 26. Kf1 Kf8 27. Ke1 f6 28. Re4 f5 29. Re3 Kf7 30. a4 Kf6 31. a5 R2d5 32. Rb3 Re8+ 33. Kf1 Re7 34. a6 b6 35. c4 Ra5 36. Ra3 Rxa3 37. bxa3 Re5 38. Rd1 Ke7 39. f4 Ra5 40. Re1+ Kf7 41. Rd1 Rxa6 42. Rd7+ Ke6 43. Rxh7 Rxa3 44. Rc7 c5 45. Rc6+ Kf7 46. Rc7+ Kf6 47. Ke2 Rc3 48. Rxa7 Rxc4 49. Rb7 Rb4 50. Kd3 b5 51. Rb6+ Kg7 52. g3 Kh6 53. Kc3 Kh5 54. Rc6 Rc4+ 55. Kb3 Rc1 56. Kb2 Rh1 57. Rxc5 Rxh2+ 58. Kc1 Rg2 59. Rxb5 Rxg3 60. Rb6 Rg4 61. Kd2 Rxf4 62. Ke3 Ra4 63. Kf3 Kg5 64. Rb3 Rf4+ 65. Kg3 Rg4+ 66. Kf3 Rh4 67. Kg3 f4+ 68. Kg2 Kg4 69. Rb4 g5 70. Ra4 Rh8 71. Rb4 Ra8 72. Kf2 Ra2+ 73. Kg1 Kg3 0-1

[Event "FRA-ch U16"]
[Site "La Roche sur Yon"]
[Date "2008.04.21"]
[Round "1"]
[White "Sochacki, Wojtek"]
[Black "Bertrand, Quentin"]
[Result "1-0"]
[WhiteElo "2245"]
[BlackElo "1894"]
[PlyCount "86"]
[EventDate "2008.04.21"]
[EventType "swiss"]
[EventRounds "9"]
[EventCountry "FRA"]
[SourceTitle "EXT 2010"]
[Source "ChessBase"]
[SourceDate "2010.11.25"]
[SourceVersion "1"]
[SourceVersionDate "2010.11.25"]
[SourceQuality "1"]

1. e4 c5 2. Nf3 Nc6 3. Bb5 g6 4. 0-0 Bg7 5. d3 Nf6 6. h3 0-0 7. c3 b6 8. Be3 Bb7 9. Qd2 Re8 10. Re1 a6 11. Ba4 Qc7 12. Bh6 e5 13. Bxg7 Kxg7 14. c4 Nh5 15. Nc3 Nd4 16. Nxd4 exd4 17. Ne2 Re7 18. g4 Nf6 19. Ng3 Rae8 20. Nf5+ gxf5 21. Qg5+ Kf8 22. Qxf6 Re6 23. Qxf5 Kg7 24. Rf1 Rh6 25. Qxd7 Qxd7 26. Bxd7 Re7 27. Bf5 Rxh3 28. f3 h5 29. Kg2 hxg4 30. Bxg4 Rh8 31. Kg3 Ree8 32. Rh1 Kf6 33. Rab1 b5 34. Rxh8 Rxh8 35. cxb5 axb5 36. Rc1 c4 37. dxc4 bxc4 38. Rxc4 Ra8 39. Rxd4 Rxa2 40. Rb4 Ba6 41. Kf4 Ra5 42. Rb6+ Kg7 43. b4 Bc8 1-0

[Event "FRA-ch U08"]
[Site "Le Grand Bornand"]
[Date "2007.04.??"]
[Round "7"]
[White "Razanajato, Harenome"]
[Black "Bertrand, Quentin"]
[Result "0-1"]
[WhiteElo "1941"]
[BlackElo "1746"]
[PlyCount "112"]
[EventDate "2007.04.07"]
[EventType "swiss"]
[EventRounds "9"]
[EventCountry "FRA"]
[SourceTitle "CBM 118 Extra"]
[Source "ChessBase"]
[SourceDate "2007.07.04"]
[SourceVersion "1"]
[SourceVersionDate "2007.07.04"]
[SourceQuality "1"]

1. e4 c5 2. Nf3 Nc6 3. d4 cxd4 4. Nxd4 g6 5. Be3 Bg7 6. Nc3 Nf6 7. f3 0-0 8. Bc4 Qb6 9. Bb3 Nxe4 10. Nd5 Qa5+ 11. c3 Bxd4 12. Bxd4 Nc5 13. Bc2 Ne6 14. Be3 d6 15. 0-0 Ng7 16. b4 Qd8 17. b5 Ne5 18. Bg5 f6 19. Be3 e6 20. Nb4 d5 21. Bb3 b6 22. Re1 Bb7 23. Rc1 Qe7 24. Bf4 Qc5+ 25. Be3 Qxb5 26. a4 Qe8 27. Bh6 Qf7 28. Kh1 Rfe8 29. Qe2 a5 30. Nd3 Nxd3 31. Qxd3 Ba6 32. Qd4 Nf5 33. Qd2 g5 34. Bxg5 fxg5 35. Qxg5+ Kh8 36. Qf4 Qg6 37. Bc2 Qg7 38. Bxf5 exf5 39. Qxf5 Rg8 40. Rg1 Bc4 41. Qe6 Rab8 42. Qc6 Qg6 43. Qc7 Rbe8 44. Qf4 Re2 45. g3 h6 46. Rg2 Rge8 47. Rxe2 Rxe2 48. Qb8+ Re8 49. Qf4 Qg5 50. Qd4+ Kh7 51. Rb1 Qf5 52. Qxb6 Qxf3+ 53. Kg1 Qf7 54. Qc6 Re2 55. Rb7 Re1+ 56. Kg2 Bf1+ 0-1

[Event "FRA-chT U20a 0405"]
[Site "France"]
[Date "2005.05.16"]
[Round "11.4"]
[White "Cohen Solal, Lennie"]
[Black "Bertrand, Quentin"]
[Result "1-0"]
[WhiteElo "1420"]
[BlackElo "1680"]
[PlyCount "129"]
[EventDate "2004.11.19"]
[EventType "team"]
[EventRounds "11"]
[EventCountry "FRA"]
[SourceTitle "EXT 2006"]
[Source "ChessBase"]
[SourceDate "2005.11.24"]
[SourceVersion "1"]
[SourceVersionDate "2005.11.24"]
[SourceQuality "1"]

1. b4 e5 2. Bb2 Bxb4 3. Bxe5 Nf6 4. c4 Nc6 5. Bb2 0-0 6. Nf3 Re8 7. e3 d5 8. cxd5 Nxd5 9. Be2 Bf5 10. 0-0 Qe7 11. Qb3 Rad8 12. a3 Na5 13. Qa4 Bd7 14. Bb5 Bxb5 15. Qxb5 a6 16. Qa4 b5 17. Qc2 Bd6 18. Nc3 Nf6 19. d3 c5 20. Ne4 Nxe4 21. dxe4 Qc7 22. h3 Nc6 23. Rac1 c4 24. Qc3 f6 25. Qc2 Ne5 26. Rcd1 Nd3 27. Nd2 Nxb2 28. Qxb2 c3 29. Qb3+ Kh8 30. Rc1 Bxa3 31. Qxa3 Rxd2 32. Rxc3 Qb7 33. Rfc1 b4 34. Qa4 Qxe4 35. Rc8 Rdd8 36. Qxa6 Qd5 37. Rxd8 Rxd8 38. Qa1 b3 39. Qb2 h6 40. Rb1 Rb8 41. Kf1 Qd3+ 42. Ke1 Kh7 43. Rd1 Qe4 44. Qb1 Qg6 45. Qxg6+ Kxg6 46. Rb1 Kf5 47. Kd2 Ke4 48. f3+ Kd5 49. Kc3 Re8 50. e4+ Ke5 51. Rxb3 Kf4 52. Rb7 g5 53. Rh7 Kg3 54. Rxh6 Kxg2 55. Rxf6 Kxh3 56. Kd4 Kg3 57. e5 g4 58. fxg4 Kxg4 59. Kd5 Kg5 60. Kd6 Rd8+ 61. Ke7 Rd5 62. e6 Re5 63. Kf7 Kg4 64. e7 Kg5 65. Rf1 1-0